000 00460nam a2200181Ia 4500
005 20250508155054.0
008 008 250505s9999 xx 000 0 eng d
037 _aPeriodicals
040 _aFEDL
_beng
_cFEDL
041 _aeng
_2eng
084 _qFEDL
100 _aMartin William E Ed.
_9766653
245 0 _aChild development.
300 _a1063p.
546 _aVolume 34 March, 1963 to December, 1963
942 _cCR
999 _c1353900
_d1353900